Score 0/22 Timer 04:00
0 Plays Today
Number of Wins Comedian % Correct
5Doug Benson
89.5%
7Ron Funches
76.3%
5Nikki Glaser
55.3%
3Jen Kirkman
50%
3Tom Lennon
42.9%
7Kyle Kinane
42.1%
5Paul F. Tompkins
42.1%
4Randy Sklar
42.1%
3Grace Helbig
42.1%
3Paul Scheer
39.5%
4Steve Agee
34.2%
Number of Wins Comedian % Correct
3Jon Daly
32.1%
3Chris D'Elia
32.1%
3Jesse Joyce
32.1%
3Kumail Nanjiani
31.6%
3Matt Besser
31.6%
4Moshe Kasher
28.6%
3Aisha Tyler
28.6%
3Kurt Braunohler
28.6%
3Arden Myrin
26.3%
3Brett Gelman
25%
3Neal Brennan
18.4%
Remove Ads.
Support Sporcle.
Get the best of Sporcle when you Go Orange. This ad-free experience offers more features, more stats, and more fun while also helping to support Sporcle. Thank you for becoming a member.

You're not logged in!

Compare scores with friends on all Sporcle quizzes.
OR
Log In

Show Comments

Extras

Top Quizzes Today


Score Distribution

Your Account Isn't Verified!

In order to create a playlist on Sporcle, you need to verify the email address you used during registration. Go to your Sporcle Settings to finish the process.

Report this User

Report this user for behavior that violates our Community Guidelines.

Details: